000 00540nam a22001817a 4500
005 20231207142052.0
008 231207b |||||||| |||| 00| 0 eng d
020 _a9781485138129
041 _aEnglish
082 _a348 JUT
100 _lEnglish
245 _aJuta's Statutes of South Africa /
_cJUTA'S STATUTES EDITORS
250 _aThirtieth Edition
260 _aCape Town :
_bJuta and Company (Pty) Ltd,
300 _b404 pages ;
_c26 cm.
650 _aLegal practice
_bLaw
942 _cBK
_6ALISON_BN_VRIES
999 _c1162
_d1162